000 00395nam a22001697a 4500
003 MPLRDC
005 20220104143226.0
008 210129b ||||| |||| 00| 0 eng d
082 _a880 TGNF-11
100 _a屠格涅夫著
245 _a屠格涅夫选集
_c
260 _a
_b文学出版社
_c
300 _b
490 _a世界文学丛书
650 _a
942 _cBK
_o880 TGNF-11
999 _c37822
_d37812